000 00377pab a2200157 454500
008 180718b2003 xxu||||| |||| 00| 0 eng d
100 _aSingh, T.P.
245 _aEnergy waste in an engineering industry
260 _c2003
300 _ap.265-78.
362 _aJul-Sep
650 _aEnergy conservation
700 _aAnish Kumar
773 _aProductivity
909 _a59677
999 _c59677
_d59677